000 00627nam a2200205Ia 4500
005 20250508170224.0
008 008 250505s9999 xx 000 0 eng d
020 _a978 0954 74338 3
037 _aDissertations
040 _aFEDL
_beng
_cFEDL
041 _aeng
_2eng
084 _a371.1, ISS/DI
_qFEDL
100 _aIssar Kriti
_9783504
245 0 _aHistorical consciousness in early childhood years and teachers' perspectives: Exploratory research
260 _c2023
300 _a109p.
546 _aM.Ed Dissertation (Delhi University)
942 _cDIS
_h371.1, ISS/DI
999 _c1399874
_d1399874